000 00600nam a2200205Ia 4500
003 GCL
008 140319s9999 xx 000 0 ara d
040 _aGCL /
_cGCL
082 0 4 _a195
_bغ د
100 1 _aغبريال وهبة
245 1 0 _aدانتى والكوميديا الالهية /
_cغبريال وهبة
260 _a[S.N] :
_bمكتبة الانجلوالمصرية ،
_c1987
300 _a211 ص
490 _a
650 0 4 _aالفلسفة
650 0 4 _aالفلسفة الغربية
650 0 4 _aدانتى
650 0 4 _aالفلسفة الايطالية
942 _2ddc
_cBK
999 _c32620
_d32620